Human Resource Management in Indian Coal Industry/ (Record no. 205223)

MARC details
000 -LEADER
fixed length control field 00610nam a22001937a 4500
005 - DATE AND TIME OF LATEST TRANSACTION
control field 20240823110731.0
010 ## - LCCN (DPL NO)
LC control number ENG-141394
020 ## - INTERNATIONAL STANDARD BOOK NUMBER
International Standard Book Number 9789380190587
Terms of availability 500.00
035 ## - SYSTEM CONTROL NUMBER
System control number EN-124926
037 ## - SOURCE OF ACQUISITION
Source of stock number/acquisition DBAD
082 ## - DEWEY DECIMAL CLASSIFICATION NUMBER
Classification number 658.3
100 ## - MAIN ENTRY--PERSONAL NAME
Personal name Deogharia, Vinay Kumar
245 ## - TITLE STATEMENT
Title Human Resource Management in Indian Coal Industry/
Statement of responsibility, etc By Vinay kumar Deogharia
260 ## - PUBLICATION, DISTRIBUTION, ETC. (IMPRINT)
Place of publication, distribution, etc New Delhi
Name of publisher, distributor, etc R.D. Pandey Satyam Publishing House
Date of publication, distribution, etc 2011
270 ## - ADDRESS
Address N-3/25, Mohan Garden,
City New Delhi
Postal code 110059
Telephone number 011-25358642
300 ## - PHYSICAL DESCRIPTION
Extent 202p.
Dimensions 22cm(hb)
700 ## - ADDED ENTRY--PERSONAL NAME
9 (RLIN) 70456
942 ## - ADDED ENTRY ELEMENTS (KOHA)
Source of classification or shelving scheme Dewey Decimal Classification
Item type English Books
Classification part 658.3
Call number suffix DEO
Holdings
Withdrawn status Lost status Not for loan Collection code Home library Current library Date acquired Source of acquisition Cost, normal purchase price Full call number Barcode Copy number Cost, replacement price Koha item type
      Non-fiction Shahdara Branch Shahdara Branch 23/08/2024 DBAD 500.00 658.3 DEO EN-124926 1 500.00 English Books

© Delhi Public Library
Hit Counter
free hit counter